| 000 | 00979nam a22002897a 4500 | ||
|---|---|---|---|
| 003 | EG-ScBUE | ||
| 005 | 20220522130424.0 | ||
| 008 | 140610t2002 enkeko f 000 0 eng d | ||
| 020 | _a9789608136175 | ||
| 040 |
_aEG-ScBUE _beng _erda _cEG-ScBUE _dEG-ScBUE |
||
| 082 | 0 | 4 |
_222 _a428.24 _bFIN |
| 100 | 1 |
_935984 _aFinnie, Rachel, _eauthor. |
|
| 245 | 1 | 0 |
_aLink : _bupper intermediate, _pWorkbook / _cRachel Finnie, Nicholas Stephens. |
| 246 | 3 | 0 | _aWorkbook |
| 264 | 1 |
_aHampshire, United Kingdom : _bNational Geographic Learning, _c[2002] |
|
| 264 | 4 | _cc2002 | |
| 300 |
_a103 pages : _bforms, photographs, plans ; _c29 cm |
||
| 336 |
_2rdacontent _atext _btxt |
||
| 337 |
_2rdamedia _aunmediated _bn |
||
| 338 |
_2rdacarrier _avolume _bnc |
||
| 650 | 7 |
_aEnglish language _vTextbooks for foreign speakers. _2BUEsh |
|
| 651 | _2BUEsh | ||
| 653 |
_cJune2014 _bHHUUEENN |
||
| 655 |
_vReading book _934232 |
||
| 700 | 1 |
_935989 _aStephens, Nicholas, _eauthor. |
|
| 942 |
_2ddc _k428.24 FIN _cBB |
||
| 999 |
_c18290 _d18262 |
||